Japanese Zen. (Record no. 84757)

MARC details
000 -LEADER
campo de control de longitud fija 00501nam a2200181 i 4500
001 - NÚMERO DE CONTROL
campo de control 84757
003 - IDENTIFICADOR DE NÚMERO DE CONTROL
campo de control ES-MaACL
007 - CAMPO FIJO DE DESCRIPCIÓN FÍSICA--INFORMACIÓN GENERAL
campo de control de longitud fija t|
008 - DATOS DE LONGITUD FIJA--INFORMACIÓN GENERAL
campo de control de longitud fija 041123s1983 ja ||||1| eng d
245 00 - MENCIÓN DEL TÍTULO
Título Japanese Zen.
250 ## - MENCION DE EDICION
Mención de edición [3rd ed.].
260 ## - PUBLICACIÓN, DISTRIBUCIÓN, ETC.
Lugar de publicación, distribución, etc. Tokyo :
Nombre del editor, distribuidor, etc. International Society for Educational Information,
Fecha de publicación, distribución, etc. [1983]
300 ## - DESCRIPCIÓN FÍSICA
Extensión 75 p. :
Otras características físicas il. +
Material acompañante/anejo 26 cm.
490 1# - MENCIÓN DE SERIE
Mención de serie Understanding Japan
830 0# - PUNTO DE ACCESO ADICIONAL DE SERIE-TÍTULO UNIFORME
Título uniforme Understanding Japan
9 (RLIN) 231673
852 ## - LOCALIZACIÓN
Ubicación ES-MaACL
Número de control de estantería L-7258
Sublocalización o colección R.108093
Holdings
Estatus retirado Estado de pérdida Estado de daño No para préstamo Biblioteca de origen Biblioteca actual Ubicación en estantería Fecha de adquisición Fuente de adquisición Total de préstamos Signatura topográfica completa Código de barras Visto por última vez Precio de reemplazo Tipo de ítem Koha
        Biblioteca del Ateneo de Madrid Biblioteca del Ateneo de Madrid Depósito 2 17/01/2008     L-7258 1088576 23/02/2023 23/02/2023 Libro impreso